| 000 | 00000nam##2200000za#4500 |
| 001 | 9.684482 |
| 003 | CaOODSP |
| 005 | 20250910142445 |
| 007 | ta |
| 008 | 150407|2007||||xxc||||| f|0| 0 fre|d |
| 020 | |a978-1-100-90736-9 |
| 040 | |aCaOODSP|bfre |
| 043 | |an-cn--- |
| 086 | 1 |aD2-206/2-2007F |
| 110 | 1 |aCanada. |bMinistère de la défense nationale. |
| 245 | 10|aÀ la manière des guerriers : |bun traité d'éthique militaire / |cpar Richard A. Gabriel. |
| 260 | |aKingston - Ontario : |bDéfense nationale |cc2009. |
| 500 | |aRéalisé pour la Presse de l'Académie canadienne de la Défense par le Bureau de publications de la 17e Escadre. |
| 504 | |aBibliographie. |
| 520 | 3 |aA pour objet d’identifier les préceptes, les valeurs et les obligations que le militaire doit comprendre et respecter pour être un soldat éthique. Il a aussi pour but d’établir un fondement philosophique et pratique clair de sorte que ces valeurs et obligations puissent guider le militaire dans se décisions d’ordre éthique. |
| 563 | |aCouverture souple |
| 590 | |a09-35|b2009-08-28 |
| 691 | 07|aDroit militaire|2gcpds |
| 691 | 07|aÉthique|2gcpds |
| 720 | 1 |aGabriel, Richard A. |
| 775 | 08|tThe warrior's way : |w(CaOODSP)9.650760 |
| 776 | 0#|tÀ la manière des guerriers |w(CaOODSP)9.640130 |
| 986 | |aWPO30399 |